| 000 | 00552nam a22001817a 4500 | ||
|---|---|---|---|
| 005 | 20251108164757.0 | ||
| 008 | 250721s2010 xx 000 0 ara d | ||
| 082 | 1 | 4 | _a927.30/مهر |
| 100 | 1 | _aمهر الدين، محمد | |
| 245 | 1 | 0 | _aاراء حول تجربة الفنان محمد مهر الدين التشكيلية 1967-2010 / |
| 264 | 1 |
_aعمان : _bالمؤلف، _c2010. |
|
| 300 | _a222ص. | ||
| 650 | 1 | 7 | _aالتراجم |
| 650 | 1 | 7 | _aالفنانون |
| 650 | 1 | 7 | _aالفن التشكيلي |
| 942 |
_2ddc _cBK |
||
| 999 |
_c14098 _d14098 |
||